000 00769nam a2200253Ia 4500
003 OSt
005 20220930072413.0
006 a|||||r|||| 00| 0
007 ta
008 220926b |||||||| |||| 00| 0 hin d
024 _a19440
037 _cTheses
040 _aCRL
_cCRL
_bhin
041 _2hin
_ahin
100 _aRai Lakshmi
_9529776
110 _aUniversity of Delhi. Faculty of Arts. Department of Hindi
245 0 _aPrasadauttar (1935 to ubb tak) hindi natakon mein charitra srashti
260 _c1977
650 _aHINDI LITERATURE
_923866
700 _a Dr. Gobind Chatak Gu.
_9529777
700 _aUniversity of Delhi. Faculty of Arts. Department of Hindi
942 _cDIS
_2CC
999 _c863853
_d863853